00241nam a2200121Ia 4500008004100000041000800041082000600049100001600055245001800071250000600089260001500095300000900110240830s1934 xx 000 0 und d ahin a1 aKIJAWADEKAR aSUBHNTPRKARAN a1 bN.D.c1934 a100p